000 00432nam a2200181Ia 4500
001 13569
005 20260306164810.0
008 260306t2008||||xx |||||||||||||| ||spa||
041 _aESP
082 _a004.678
_bG84
100 _aGuerrero Peña, Javier
_eAUT
245 0 _aManual fundamental de Internet
260 _c2008
300 _a831 páginas :
_c22 cm.
650 _aGEN
654 _aCCC
942 _cLIB
_dJUS
_fJUS
_2ddc
_n
999 _c13569
_d13569